Profesionálny osobný počítač PP 06 Zborník prednášok

Na minha lista:
Detalhes bibliográficos
Formato: Livro
Idioma:eslovaco
Publicado em: Žilina Dom techn. ČSTVS 1989
Edição:1. vyd.
Tags: Adicionar Tag
Sem tags, seja o primeiro a adicionar uma tag!

MARC

LEADER 00000nam a2200000 4500
001 c029813
005 20240906111532.8
041 0 |a slo 
044 |a SK 
245 1 0 |a Profesionálny osobný počítač PP 06  |b Zborník prednášok 
250 |a 1. vyd. 
264 1 |a Žilina  |b Dom techn. ČSTVS  |c 1989 
300 |a 174 s.